Medea Μήδεια
Βασισμένο στην κλασική τραγωδία του Ευριπίδη, η Μήδεια του Παζολίνι αφηγείται την ιστορία του Ιάσονα, αρχηγού του αήττητου στρατού των Αργοναυτών και την εκστρατεία για το χρυσόμαλλο δέρας. Γνωρίζοντας την ιέρεια του δέρατος, Μήδεια την ερωτεύεται και την παίρνει μαζί του στην πατρίδα, ενώ εκείνη θυ...
Αποθηκεύτηκε σε:
| Άλλοι συγγραφείς: | , , , |
|---|---|
| Μορφή: | |
| Γλώσσα: | Italian Greek |
| Δημοσίευση: |
[Χ.τ. :
χ.ό.,
1969]
|
| Σειρά: | Χρυσή ταινιοθήκη
|
| Θέματα: | |
| Ετικέτες: |
Προσθήκη ετικέτας
Δεν υπάρχουν, Καταχωρήστε ετικέτα πρώτοι!
|
MARC
| LEADER | 00000cgm a2200000 a 4500 | ||
|---|---|---|---|
| 001 | 1/124319 | ||
| 008 | 220204s1969####xx ||| | || ||ita|| | ||
| 040 | |a GR-MyUa |b gre |c GR-MyUa |e AACR2 | ||
| 041 | 0 | |a ita |j gre | |
| 082 | 7 | |a 791.437 |2 (23) | |
| 245 | 0 | 0 | |a Medea |h [μαγνητοσκόπηση] = |b Μήδεια / |c του Πιερ Πάολο Παζολίνι. |
| 246 | 1 | |i Παράλληλος τίτλος: |a Μήδεια | |
| 260 | |a [Χ.τ. : |b χ.ό., |c 1969] | ||
| 300 | |a 1 βιντεοδίσκος (106 λεπτά) : |b ομίλ., έγχρ., |c 4 3/4 ίν. | ||
| 490 | 1 | |a (Χρυσή ταινιοθήκη) | |
| 500 | |a Κυκλοφόρησε πρώτη φορά ως κινηματογραφική ταινία το 1969. | ||
| 511 | 0 | |a Μαρία Κάλλας, Τζουζέπε Τζεντίλε, Μάσιμο Τζιρότι. | |
| 520 | 8 | |a Βασισμένο στην κλασική τραγωδία του Ευριπίδη, η Μήδεια του Παζολίνι αφηγείται την ιστορία του Ιάσονα, αρχηγού του αήττητου στρατού των Αργοναυτών και την εκστρατεία για το χρυσόμαλλο δέρας. Γνωρίζοντας την ιέρεια του δέρατος, Μήδεια την ερωτεύεται και την παίρνει μαζί του στην πατρίδα, ενώ εκείνη θυσιάζει τα πάντα για να είναι μαζί του διαμελίζοντας ακόμα και τον ίδιο της τον αδελφό. Χρόνια αργότερα ο Ιάσονας την εγκαταλείπει για έναν καινούργιο έρωτα. Η Μήδεια, χρησιμοποιώντας τις μαγικές της ικανότητες, εκδικείται άγρια τον Ιάσονα οδηγώντας τα πράγματα σε μια κορύφωση όπου η πίστη και η προδοσία δικάζονται μπροστά στην ανθρώπινη θυσία. | |
| 546 | |a Στα ιταλικά με υπότιτλους στα ελληνικά. | ||
| 600 | 0 | 0 | |a Jason |c (Mythological character) |v Drama. |
| 600 | 0 | 0 | |a Medea, |c consort of Aegeus, King of Athens (Mythological character) |v Drama. |
| 655 | 7 | |a Feature films |2 lcgft | |
| 700 | 1 | |a Pasolini, Pier Paolo, |d 1922-1975, |e drt | |
| 700 | 1 | |a Callas, Maria, |d 1923-1977, |e act | |
| 700 | 1 | |a Gentile, Giuseppe, |e act | |
| 700 | 1 | |a Girotti, Massimo, |d 1918-2003, |e act | |
| 830 | 0 | |a Χρυσή ταινιοθήκη | |
| 852 | |a INST |b SYROS |c AV |e 20220201 |h 791.437 PAS |p 005500015076 |q 005500015076 |t DVD |y 23 | ||
| 970 | |a Κοντού |b Παρασκευή |z 04/02/2022 | ||